Vertical Limit

Bibliographic Details
Format: Article
Language:Slovak
PhysicalDescription:Fotogr.
ISSN:1335-2776
Subjects:

MARC

LEADER 00000nab a2200000 a 4500
001 vtls000820799
003 SK-MaSNL
005 20260302163833.0
008 040806c2001 xo 0 slo
015 |a SNBRB2003/01-00334 
035 |a CLN000172454 
040 |a SNKBUCL  |b slo  |c SNKBUCL  |e AACR2 
041 0 |a slo 
044 |a xo  |c SK 
080 |a 791.43(73)  |2 UDC-MRF-SK2 
245 0 0 |a Vertical Limit  |c [autor] (beň) 
300 |b Fotogr. 
630 0 7 |a Vertical Limit (film)  |2 snkbucl  |9 855642 
650 0 7 |a americké filmy  |2 snkbucl  |9 847461 
655 7 |a recenzie  |2 snkbucl  |9 21907 
655 7 |a články z novín a časopisov  |2 snkbucl  |9 267496 
773 0 |x 1335-2776  |t Markíza  |g Roč. 4, č. 8 (2001), s. 46 
850 |a Slovenská národná knižnica v Martine 
852 |a SNK  |b KIS3GCP 
999 |c 1384713  |d 1386643